LEADER 01690nam 2200421Ia 450 001 996383077203316 005 20221108060617.0 035 $a(CKB)1000000000591229 035 $a(EEBO)2248528338 035 $a(UnM)99900168 035 $a(UnM)9928920800971 035 $a(EXLCZ)991000000000591229 100 $a20791208d1704 uy | 101 0 $aeng 135 $aurbn||||a|bb| 200 10$aComprehension promoted. Whether there be not as much reason, in regard to the ease of the most sober consciences, to take away the subscription in the Act of Uniformity, as well as the declaration of assent and consent?$b[electronic resource] 210 $a[London $cs.n.$d1704] 215 $a8 p 300 $aBy John Humfrey. 300 $aCaption title. 300 $aIdentified as Wing H3675, reel 2533, of the UMI microfilm set "Early English books 1641-1700". 300 $aReproduction of original in the Newberry Library. 330 $aeebo-0101 606 $aOaths$zEngland$vEarly works to 1800 607 $aGreat Britain$xPolitics and government$y1660-1714$vEarly works to 1800 607 $aGreat Britain$xHistory$y1689-1714$vEarly works to 1800 615 0$aOaths 700 $aHumfrey$b John$f1621-1719.$01001745 801 0$bUk-ES 801 1$bUk-ES 801 2$bCu-RivES 801 2$bCStRLIN 801 2$bCu-RivES 801 2$bWaOLN 906 $aBOOK 912 $a996383077203316 996 $aComprehension promoted. Whether there be not as much reason, in regard to the ease of the most sober consciences, to take away the subscription in the Act of Uniformity, as well as the declaration of assent and consent$92326339 997 $aUNISA LEADER 01555nam 2200469I 450 001 9910704077903321 005 20151023140458.0 035 $a(CKB)5470000002436873 035 $a(OCoLC)926122001 035 $a(EXLCZ)995470000002436873 100 $a20151023j201507 ua 0 101 0 $aeng 135 $aurcn||||||||| 181 $ctxt$2rdacontent 182 $cc$2rdamedia 183 $acr$2rdacarrier 200 10$aSmall scale mass flow plug calibration /$fJonathan Sasson 210 1$aCleveland, Ohio :$cNational Aeronautics and Space Administration, Glenn Research Center,$dJuly 2015. 215 $a1 online resource (xiii, 102 pages) $ccolor illustrations 225 1 $aNASA/CR ;$v2015-218820 300 $aTitle from title screen (viewed Oct. 23, 2015). 300 $a"July 2015." 320 $aIncludes bibliographical references (pages 101-102). 606 $aPressure effects$2nasat 606 $aComputational fluid dynamics$2nasat 606 $aFlow velocity$2nasat 606 $aDischarge coefficient$2nasat 606 $aPlugs$2nasat 615 7$aPressure effects. 615 7$aComputational fluid dynamics. 615 7$aFlow velocity. 615 7$aDischarge coefficient. 615 7$aPlugs. 700 $aSasson$b Jonathan$01410017 712 02$aNASA Glenn Research Center, 712 02$aFundamental Aeronautics Program (U.S.), 801 0$bGPO 801 1$bGPO 906 $aBOOK 912 $a9910704077903321 996 $aSmall scale mass flow plug calibration$93497829 997 $aUNINA